000
00361nam a2200133Ia 4500
008
100328s9999 xx 000 0 und d
082
_b
65545
100
_a
मोने उत्तरा.
245
_a
कृतार्थ.
260
_b
आविष्कार.
630
_a
कृतार्थ.
730
_a
कृतार्थ.
942
_c
BOOK
999
_c
551290
_d
551287